000 00583cam a22002173a 4500
001 42754
003 PGUSA
005 20140828083952.0
008 130520s2013||||xxu|||||s|||||000 | eng d
040 _aPGUSA
_beng
042 _adc
100 1 _aRath, E. J.
245 1 0 _aGood References
_h[electronic resource] /
_cE. J. Rath
260 _bProject Gutenberg,
_c2013
506 _aPublic domain in the USA.
516 _aElectronic text
700 1 _aStahr, Paul,
_d1883-
830 0 _aProject Gutenberg
_v42754
856 4 0 _uhttp://www.gutenberg.org/ebooks/42754
942 _cEB
999 _c272006
_d272006